Дело о зачете профессору Московского университета Н. И. Пирогову в действительную службу времени нахождения его в профессорском ...

RUSMARC
00006417cbc2a2200000#x 450
00101567c83-b037-4800-8940-2e8daef8ef17
00520250310093550.0
1010#$arus
102##$aRU
2001#$aДело о зачете профессору Московского университета Н. И. Пирогову в действительную службу времени нахождения его в профессорском институте при Дерптском университете
$j11 декабря 1853 г. - 13 января 1854 г.
251##$cДело
215##$a21 лист
$d36,5х26 см
2250#$aФонд Департамент народного просвещения Министерства народного просвещения
$hОпись № 36
300##$aОригинальный заголовок дела: Дело о зачислении ординарному профессору Императорской медико-хирургической академии Пирогову в действительную службу трехлетнего нахождения при Дерптском университете. 11 декабря 1853 г. - 13 января 1854 г.
300##$aРукописный текст. Чернила
801#0$aRU
$bРГИА
801#1$aRU
$bПБ им. Б.Н. Ельцина
$2rusmarc
$c20170327
801#2$aRU
$bПБ им. Б.Н. Ельцина
$gRCR
$2rusmarc
850##$aФедеральное казенное учреждение "Российский государственный исторический архив"
852##$aРГИА
$j59
937##$d11136946
$hПБ
100##$a20131204l18531854k##a0rusy0102####ca
105##$ay###
1222#$ad18531211##
$ad18540113##
5171#$aДело о зачислении ординарному профессору Императорской медико-хирургической академии Пирогову в действительную службу трехлетнего нахождения при Дерптском университете
$e11 декабря 1853 г. - 13 января 1854 г.
461#0$1001a74412a3-3cc5-4d21-8f0a-dfe2fbd9e72d
$12001
$aДепартамент народного просвещения Министерства народного просвещения
$1251
$cФонд
$1852
$j733
462#0$10016123ef65-517e-4549-893f-e163fdebb80d
$12001
$a1852-1845 гг.
$vД. 59
$1251
$cОпись
$1852
$j36
035##$a01567c83-b037-4800-8940-2e8daef8ef17
856##$uhttp://readingroom.main.prlib.ru/item.aspx?id_node=n96385934
605##$2acquisition_Prlib
$3LIBNET\UAF\0000114831
$aН. И. Пирогов
$lколлекция
605##$2acquisition_Prlib
$3DITM\AF\0000004166
$aРоссия в лицах
$lколлекция
605##$2acquisition_Prlib
$3DITM\AF\0000003834
$aНарод
$lколлекция
605##$2acquisition_Prlib
$3LIBNET\UAF\0000107109
$aИстория образования в России
$lколлекция
600#1$2nlr_sh
$3RU\NLR\AUTH\6642682
$aПирогов
$bН.И.
$f1810 - 1881
$gНиколай Иванович
$jАрхивные дела
60102$2nlr_sh
$3RU\NLR\AUTH\66554636
$aМосковский университет
$jАрхивные дела
$xИстория
60102$2nlr_sh
$3RU\NLR\AUTH\661353525
$aТартуский университет
$jАрхивные дела
$xИстория
686##$2rubbk
$a63.3(2)52-8ю1
$vLBC/M
686##$2rubbk
$a74.03(2)52ю1
$vLBC/M
Формат отображения